LOONA Songs (2024) - Statistics

General Stats
  • This quiz has been taken 159 times
  • The average score is 101 of 154
Answer Stats
Hint Answer % Correct
Heejin ViViD
97%
Heejin ViViD (Acoustic Mix)
97%
× × Butterfly
94%
Choerry Love Cherry Motion
94%
12:00 Star
94%
Chuu Heart Attack
93%
Jinsoul Singing In The Rain
93%
HaSeul The Carol
93%
Fl!p that Flip That
92%
# So What
92%
The Carol 2.0 The Carol 2.0
92%
The Carol 3.0 The Carol 3.0
92%
The Carol 3.0 The Carol 3.0 (Eng)
92%
Yeojin 키스는 다음에
91%
Olivia Hye Egoist
91%
+ + Hi High
91%
Mix & Match LOONATIC
91%
LOONATIC (Eng) LOONATIC (Eng)
91%
Yves new
90%
Max & Match Sweet Crazy Love
90%
Sweet Crazy Love (Eng) Sweet Crazy Love (Eng)
90%
Kim Lip Eclipse
89%
Go Won One & Only
89%
Chuu Girls Talk
88%
beauty&thebeat love4eva
87%
Hyunjin 다녀가요
86%
2021 Japan Single HULA HOOP
85%
LOOP LOOP (ft. Lil Cherry)
85%
HaSeul 소년, 소녀
84%
Vivi Everyday I Love You
84%
Mix & Match Girl Front
84%
& PTT(Paint The Town)
84%
12:00 Why Not?
84%
Strawberry Rush Strawberry Rush
83%
Love & Live 지금, 좋아해
82%
<Dall> Air
82%
Mix & Match ODD
82%
Choerry Puzzle
82%
× × Satellite
82%
+ + Stylish
81%
× × Colors
80%
Howl Howl
80%
Plastic Candy Plastic Candy
80%
Olivia Hye Rosy
79%
Go Won See Saw
79%
Loossemble Sensitive
78%
Loossemble Sensitive (Eng)
78%
Kim Lip Twilight
78%
Yves D-1
77%
Vivi Everyday I Need You
77%
+ + favOriTe
77%
One Of A Kind Girls' Night
77%
One Of A Kind Girls' Night- Instrumental
77%
Jinsoul Love Letter
77%
Love & Evil 알 수 없는 비밀
76%
<Version Up> Air Force One
76%
Hyunjin I´ll Be There
76%
Yeojin My Sunday
76%
Mix & Match | One Of A Kind Starlight
75%
Yeojin My Melody
74%
Max & Match ODD Front
74%
<Dall> Virtual Angel
74%
× × x x
74%
Love & Live 3월을 기다려
72%
Max & Match ADD
72%
Fl!p that Pale Blue Dot
72%
12:00 목소리
71%
beauty&thebeat frozen
71%
+ + 열기 (9)
69%
+ + Perfect Love
69%
Fl!p that POSE
69%
12:00 12:00
68%
Mix & Match Chaotic
68%
LOOP DIORAMA
68%
2022 Japan Single LUMINOUS
68%
Love & Evil 비의 목소리 51db
67%
Prod. by Ryan Jhun Not Friends
67%
Max & Match Uncover
66%
× × Curiosity
65%
<Version Up> Je Ne Sais Quoi
65%
Loossemble Strawberry Soda
65%
LOONA X COCOMONG 얌얌
64%
Love & Evil Love & Evil
64%
2021 Japan Single StarSeed ~カクセイ~
64%
<Dall> Birth
63%
12:00 OOPS!
63%
12:00 Universe
63%
& WOW
62%
Love & Live You and Me Together
62%
12:00 숨바꼭질
61%
& Dance On My Own
61%
<Version Up> Lucid
59%
beauty&thebeat one way
59%
beauty&thebeat rendezvous 18.6y
59%
<K> Algorithm
58%
<Dall> Candy Crush
58%
& U R
58%
# 땡땡땡
57%
<Version Up> My Secret Playlist
57%
<Dall> Unf/Air
57%
# #
56%
<Dall> Flower Rhythm
56%
<K> Video Game
56%
× × Where You At
56%
# Oh (Yes I Am)
55%
+ + + +
54%
# 365
54%
LOOP Goldfish
54%
Loossemble Newtopia
54%
<Version Up> 기다렸어?
53%
<Dall> Butterfly Effect
53%
beauty&thebeat dal segno
53%
Love & Live Fairy Tale
53%
12:00 기억해
52%
Loossemble Colouring
52%
Fl!p that Need U
52%
Fl!p that Playback
52%
Fl!p that The Journey
52%
<Version Up> Love Me Like
51%
# Number 1
51%
<K> Nokia
49%
& Be Honest
48%
& &
47%
Howl Aliens
47%
<Dall> Sparkle
47%
<K> Sad Girls Club
46%
Howl Underwater
46%
LOONA X COCOMONG 더주세요
45%
2022 Japan Single Sick Love
45%
<Dall> The Hitchhiker's Guide to the Galaxy
44%
One Of A Kind Boomerang
43%
Strawberry Rush Honeybee
43%
<Dall> Distress
42%
Howl Hitchhiker
42%
Loossemble Intro: Searching For Their Friends
42%
One Of A Kind Truman Show
42%
# Day & Night
41%
Love & Live Into The New Heart
41%
LOOP Afterglow
40%
One Of A Kind Intro (A butterfly's signal)
40%
<K> 개화
38%
& A Different Night
38%
Loossemble Real World
38%
Strawberry Rush Chocolate
37%
Strawberry Rush Chocolate- English Version
37%
One Of A Kind Moonlight
36%
Loossemble Day by Day
35%
One Of A Kind He Said I Said
34%
<Dall> url
34%
Howl My Palace
33%
<K> Addiction
31%
Strawberry Rush Lucid Dream
20%
Strawberry Rush Daydreamer
17%
No matching quizzes found
Score Distribution
Percent of People with Each Score
Percentile by Number Answered
Your Score History
You have not taken this quiz